书目信息 |
| 题名: |
写作128篇模拟测试题:大学英语四级应试题典
|
|
| 作者: | 夏晓梅 主编 | |
| 分册: | ||
| 出版信息: | 大连 大连工学院出版社 1998.09 |
|
| 页数: | 252页 | |
| 开本: | 32开 | |
| 丛书名: | ||
| 单 册: | ||
| 中图分类: | ||
| 科图分类: | ||
| 主题词: | 英语 | |
| 电子资源: | ||
| ISBN: | 7-5611-1534-2 | |
| 000 | 00666nam0 2200217 45 | |
| 001 | 9912081698 | |
| 005 | 19991208160418.0 | |
| 010 | @a7-5611-1534-2@d9.00元 | |
| 100 | @a19991208d1998 km y0chiy0120 ea | |
| 101 | @achi | |
| 105 | @a z 000yy | |
| 200 | 1 | @a写作128篇模拟测试题:大学英语四级应试题典@AXie Zuo 128 Pian Mo Ni Ce Shi Ti:Da Xue Ying Yu SiJi Ying Shi Ti Dian@f夏晓梅,张静主编@FXia Xiao Mei,Zhang Jing Zhu Bian |
| 205 | @a1 | |
| 210 | @a大连@c大连工学院出版社@d1998.09 | |
| 215 | @a252页@d32开 | |
| 606 | 0 | @a英语 |
| 690 | @v3 | |
| 690 | @aH315-44 | |
| 701 | @a夏晓梅@4主编 | |
| 801 | @aCN@bPFTUser@c19991208 | |
| 905 | @f3@b46054-056@dH315-44@eX516 | |
| 写作128篇模拟测试题:大学英语四级应试题典/夏晓梅,张静主编.-1.-大连:大连工学院出版社,1998.09 |
| 252页;32开 |
| ISBN 7-5611-1534-2:9.00元 |
| ● |
| 相关链接 |
|
|
|
正题名:写作128篇模拟测试题:大学英语四级应试题典
索取号:H315-44/X516
 
预约/预借
| 序号 | 登录号 | 条形码 | 馆藏地/架位号 | 状态 | 备注 |
| 1 | 46054 | 200460544 | 语言库209/ [索取号:H315-44/X516] | 在馆 | |
| 2 | 46055 | 200460553 | 语言库209/ [索取号:H315-44/X516] | 在馆 | |
| 3 | 46056 | 200460562 | 语言库209/ [索取号:H315-44/X516] | 在馆 |